Intermediate accounting / (Record no. 748)
[ view plain ]
| 000 -LEADER | |
|---|---|
| fixed length control field | 01235cam a22003738a 4500 |
| 003 - CONTROL NUMBER IDENTIFIER | |
| control field | CaOOAMICUS |
| 005 - DATE AND TIME OF LATEST TRANSACTION | |
| control field | 20210617060400.0 |
| 008 - FIXED-LENGTH DATA ELEMENTS--GENERAL INFORMATION | |
| fixed length control field | 091130s2010 onca 000 0 eng |
| 020 ## - INTERNATIONAL STANDARD BOOK NUMBER | |
| International Standard Book Number | 9780470161005 (v. 1) : |
| 020 ## - INTERNATIONAL STANDARD BOOK NUMBER | |
| International Standard Book Number | 9780470161012 (v. 2) : |
| 040 ## - CATALOGING SOURCE | |
| Transcribing agency | CaOONL |
| 050 ## - LIBRARY OF CONGRESS CALL NUMBER | |
| Classification number | HF5636 |
| Item number | .I57 2010 |
| 055 #0 - CLASSIFICATION NUMBERS ASSIGNED IN CANADA | |
| Classification number | HF5636 |
| Item number | I57 2010 |
| 090 ## - LOCALLY ASSIGNED LC-TYPE CALL NUMBER (OCLC); LOCAL CALL NUMBER (RLIN) | |
| Classification number (OCLC) (R) ; Classification number, CALL (RLIN) (NR) | 657.044 INT |
| 090 ## - LOCALLY ASSIGNED LC-TYPE CALL NUMBER (OCLC); LOCAL CALL NUMBER (RLIN) | |
| Classification number (OCLC) (R) ; Classification number, CALL (RLIN) (NR) | 657.044 I562 2010 |
| 245 00 - TITLE STATEMENT | |
| Title | Intermediate accounting / |
| Statement of responsibility, etc. | Donald E. Kieso ... [and others]. |
| 250 ## - EDITION STATEMENT | |
| Edition statement | Ninth Canadian edition |
| 260 ## - PUBLICATION, DISTRIBUTION, ETC. | |
| Place of publication, distribution, etc. | Mississauga, Ont. : |
| Name of publisher, distributor, etc. | J. Wiley & Sons Canada, |
| Date of publication, distribution, etc. | 2010. |
| 263 ## - PROJECTED PUBLICATION DATE | |
| Projected publication date | 1002 |
| 300 ## - PHYSICAL DESCRIPTION | |
| Extent | 2 volumes : |
| Other physical details | illustrations |
| 336 ## - CONTENT TYPE | |
| Content type term | text |
| Content type code | txt |
| Source | rdacontent |
| 337 ## - MEDIA TYPE | |
| Media type term | unmediated |
| Media type code | n |
| Source | rdamedia |
| 338 ## - CARRIER TYPE | |
| Carrier type term | volume |
| Carrier type code | nc |
| Source | rdacarrier |
| 500 ## - GENERAL NOTE | |
| General note | Includes index. |
| 650 #0 - SUBJECT ADDED ENTRY--TOPICAL TERM | |
| Topical term or geographic name entry element | Accounting |
| Form subdivision | Textbooks. |
| 700 1# - ADDED ENTRY--PERSONAL NAME | |
| Personal name | Kieso, Donald E. |
| 770 0# - SUPPLEMENT/SPECIAL ISSUE ENTRY | |
| Main entry heading | Lum, Michelle. |
| Title | Study guide to accompany Intermediate accounting, ninth Canadian edition, Donald E. Kieso .... |
| Place, publisher, and date of publication | Mississauga, Ont. : J. Wiley & Sons Canada, 2010. |
| Record control number | (CaOONL)20099069334 |
| 910 ## - USER-OPTION DATA (OCLC) | |
| User-option data | Canadian |
| 942 ## - ADDED ENTRY ELEMENTS (KOHA) | |
| Source of classification or shelving scheme | |
| Koha item type | Book |
| Suppress in OPAC | SO |
| Withdrawn status | Lost status | Source of classification or shelving scheme | Damaged status | Not for loan | Permanent Location | Current Location | Shelving location | Date acquired | Total Checkouts | Full call number | Barcode | Date last seen | Date last checked out | Copy number | Price effective from | Koha item type | Public note |
|---|---|---|---|---|---|---|---|---|---|---|---|---|---|---|---|---|---|
| AU LIBRARY | AU LIBRARY | Open Shelf | 17.06.2021 | 1 | HF5636 .I57 2010 C1 | 28003124 | 21.10.2021 | 07.10.2021 | 1 | 17.06.2021 | Book | SO | |||||
| AU LIBRARY | AU LIBRARY | Open Shelf | 24.06.2021 | HF5636 .I57 2010 C2 | 28000225 | 24.06.2021 | 2 | 24.06.2021 | Book | MM |